| 000 | 00966nam a2200229 i 4500 | ||
|---|---|---|---|
| 001 | 182205 | ||
| 003 | ES-MaACL | ||
| 005 | 20250902093017.0 | ||
| 008 | 130626s2011 sp | |||||||| | spa d | ||
| 080 | _a32 Costa, Joaquín | ||
| 245 | 0 | 0 |
_aCuatro miradas sobre Costa / _cEloy Fernández Clemente, coordinador ; Cristóbal Gómez Benito, Víctor M. Juan Borroy, Fernando García Vicente, Guillermo Fatás Cabeza. |
| 260 |
_a[Zaragoza] : _bReal Sociedad Económica Aragonesa de Amigos del País, _cimp. 2011. |
||
| 300 |
_a181 p. ; _c22 cm. |
||
| 504 | _aReferencias bibliográficas. | ||
| 600 | 1 | 4 |
_aCosta, Joaquín, _d1846-1911 _941054 |
| 700 | 1 |
_aGómez Benito, Cristóbal. _957838 |
|
| 700 | 0 |
_aFernández Clemente, Eloy, _d1942-2022 _949582 |
|
| 710 | 2 |
_aReal Sociedad Económica Aragonesa de Amigos del País _96382 |
|
| 852 |
_aES-MaACL _jA-12778 _9189116 _bR.148744 _cDEPO1 _dOlim: N-5778 |
||
| 942 |
_2udc _cMONOGRAFIA |
||
| 999 |
_c182205 _d182205 |
||